Damp and mould in social housing (Record no. 121598)
[ view plain ]
| 000 -LEADER | |
|---|---|
| fixed length control field | 01528nam a22002057a 4500 |
| 008 - FIXED-LENGTH DATA ELEMENTS--GENERAL INFORMATION | |
| fixed length control field | 230201e20230628 ||||| ||||o00| 0 eng d |
| 110 ## - MAIN ENTRY--CORPORATE NAME | |
| 9 (RLIN) | 6329 |
| Corporate author | Regulator of Social Housing |
| 245 ## - TITLE STATEMENT | |
| Title | Damp and mould in social housing |
| Subtitle | learning the lessons |
| 260 ## - PUBLICATION INFORMATION | |
| Publisher | Regulator of Social Housing |
| Date | 28 June 2023 |
| 520 ## - ABSTRACT | |
| Abstract | A report into the extent of damp and mould issues in homes owned by large registered social housing providers in England and lessons learned |
| 520 ## - ABSTRACT | |
| Abstract | Following the coroner’s November 2022 report into the death of Awaab Ishak in Rochdale, RSH asked all larger registered providers of social housing to submit evidence to us about the extent of damp and mould in tenants’ homes and their approach to tackling it. This covered local authorities and private providers such as housing associations who together own and manage over four million homes in England. In February 2023, RSH published an initial findings report from the high level analysis of the information that was submitted. This report is the final analysis and conclusions from the information provided and lessons learned. |
| 650 ## - KEYWORDS | |
| Keywords | MOULD |
| 650 ## - KEYWORDS | |
| Keywords | DAMP |
| 650 ## - KEYWORDS | |
| Keywords | SOCIAL HOUSING |
| 651 ## - SUBJECT ADDED ENTRY--GEOGRAPHIC NAME | |
| Geographic name | United Kingdom |
| 690 ## - LOCAL SUBJECT ADDED ENTRY--TOPICAL TERM (OCLC, RLIN) | |
| 9 (RLIN) | 6223 |
| Topical term or geographic name as entry element | Building materials & defects |
| 690 ## - LOCAL SUBJECT ADDED ENTRY--TOPICAL TERM (OCLC, RLIN) | |
| 9 (RLIN) | 6222 |
| Topical term or geographic name as entry element | Building control |
| 710 ## - ADDED CORPORATE NAME | |
| 9 (RLIN) | 6329 |
| Added corporate author | Regulator of Social Housing |
| 856 ## - ONLINE RESOURCE | |
| Uniform Resource Identifier | https://assets.publishing.service.gov.uk/government/uploads/system/uploads/attachment_data/file/1165621/20230627_RSH_Damp_and_Mould_Report.pdf |
| Public note | Available on .gov.uk |
| Withdrawn status | Lost status | Source of classification or shelving scheme | Damaged status | Not for loan | Home library | Current library | Shelving location | Date acquired | Total Checkouts | Date last seen | Price effective from | Koha item type |
|---|---|---|---|---|---|---|---|---|---|---|---|---|
| Dewey Decimal Classification | Virtual | Virtual | Online | 06/07/2023 | 06/07/2023 | 06/07/2023 | Online material |